000 00808nam a2200241 a 4500
001 000003318
003 DO-SdBNP
005 20260521073717.0
007 ta
008 090707s2012 dr r 000 0 spa d
040 _aDO-SdBNP
_bspa
_cBNPHU
082 4 _axxx
_bP964m
_222
110 2 _aPrograma de las Naciones Unidas para el Desarrollo
_9187
245 1 0 _aRepública Dominicana :
_cmemoria 2011
260 _aSanto Domingo :
_bPNUD ; Secretariado Técnico de la Presidencia,
_c2012
300 _a59 paginas. ;
_c32 cm.
590 _aInventariado, 2023 / DG
650 _aDesarrollo de la comunidad
_zRepública Dominicana
_92533
700 1 _aSang, Mu-Kien A.
_d1955-
_q(Mu-Kien Adriana)
_9331
710 2 _aPrograma de las Naciones Unidas para el Desarrollo
_9187
910 _aDG
942 _2ddc
_cLBS1
999 _c53200
_d53200